| 000 | 00503nam a2200169Ia 4500 | ||
|---|---|---|---|
| 008 | 230917s9999||||xx |||||||||||||| ||und|| | ||
| 020 | _cRS9500 | ||
| 040 |
_e248873 _aMAIN |
||
| 041 | _aEnglish | ||
| 082 | _a338.4791 M931T | ||
| 100 | _aMurugan, Annamalai | ||
| 245 | 0 | _aTourism and hospitality: Food and beverage service food production. 4Pt. | |
| 260 |
_aNew Delhi _bAvon Publications _c2018 |
||
| 300 | _axii, 314 p. | ||
| 500 | _a3196 23/07/2018 RBP18/71796 30/07/2018 IHTM (SFS) | ||
| 942 | _cBK | ||
| 999 |
_c27450 _d27450 |
||